Bundesliga players of the 20s - Statistics

General Stats
  • This quiz has been taken 109 times
    56 since last reset
  • The average score is 373 of 1153
Answer Stats
Ranking Player Positions Nationality Matches Goals (assists) Periods Clubs % Correct
851 Andreas Müller DM 11 0 (0) 2023-2024
100%
1004 Elias Baum RB 4 0 (0) 2023-2024
100%
166 Florian Müller GK 89 0 (0) 2020-2022, 2024-2025
100%
32 Jamal Musiala AM 138 45 (29) 2020-2025
100%
740 Jannik Müller CB 16 0 (0) 2023-2024
100%
6 Jonathan Tah CB 157 11 (5) 2020-2025
100%
20 Joshua Kimmich DM 149 16 (42) 2020-2025
100%
261 Kevin Müller GK 67 0 (0) 2023-2025
100%
15 Leroy Sané RW 153 40 (40) 2020-2025
100%
12 Lukas Hradecky GK 156 0 (0) 2020-2025
100%
1129 Marcus Müller ST 1 0 (0) 2023-2024
100%
941 Marius Müller GK 6 0 (0) 2024-2025
100%
363 Min-jae Kim CB 52 3 (2) 2023-2025
100%
4 Oliver Baumann GK 160 0 (2) 2020-2025
100%
779 Salif Sané CB 14 0 (0) 2020-2021
100%
1131 Sanoussy Ba RB 1 0 (0) 2022-2023
100%
1047 Sebastian Müller RW 2 0 (0) 2020-2021
100%
46 Serge Gnabry LW 132 48 (23) 2020-2025
100%
1103 Sidi Sané RW 1 0 (0) 2022-2023
100%
17 Thomas Müller CF 152 32 (65) 2020-2025
100%
673 Victor Sá LW 21 1 (1) 2020-2021
100%
14 Andrej Kramaric AM 154 64 (33) 2020-2025
97%
50 Dayot Upamecano CB 131 5 (9) 2020-2025
97%
28 Edmond Tapsoba CB 143 3 (2) 2020-2025
97%
22 Gregor Kobel GK 148 0 (0) 2020-2025
97%
9 Julian Brandt AM 156 33 (40) 2020-2025
97%
11 Kevin Trapp GK 156 0 (0) 2020-2025
97%
82 Kingsley Coman LW 119 27 (27) 2020-2025
97%
107 Konrad Laimer RB 108 9 (9) 2020-2025
97%
59 Leon Goretzka CM 126 21 (21) 2020-2025
97%
85 Manuel Neuer GK 118 0 (0) 2020-2025
97%
77 Marcel Sabitzer CM 120 15 (9) 2020-2025
97%
74 Patrik Schick ST 121 64 (11) 2020-2025
97%
2 Vincenzo Grifo LW 164 49 (42) 2020-2025
97%
21 Alassane Pléa ST 148 36 (29) 2020-2025
94%
83 Alphonso Davies LB 119 5 (18) 2020-2025
94%
10 Christoph Baumgartner AM 156 27 (16) 2020-2025
94%
96 David Raum LB 113 6 (30) 2021-2025
94%
40 Emre Can DM 135 13 (9) 2020-2025
94%
5 Ermedin Demirovic ST 158 45 (31) 2020-2025
94%
44 Florian Wirtz AM 133 34 (47) 2020-2025
94%
798 Gift Orban ST 13 4 (0) 2024-2025
94%
141 Keven Schlotterbeck CB 96 10 (4) 2020-2025
94%
99 Marco Reus AM 112 29 (38) 2020-2024
94%
13 Maximilian Arnold CM 154 17 (19) 2020-2025
94%
48 Nico Schlotterbeck CB 132 11 (13) 2020-2025
94%
88 Niklas Süle CB 115 5 (6) 2020-2025
94%
78 Raphaël Guerreiro LB 120 20 (29) 2020-2025
94%
1 Ridle Baku RB 168 19 (20) 2020-2025
94%
111 Stefan Bell CB 107 3 (2) 2020-2025
94%
16 Waldemar Anton CB 153 5 (9) 2020-2025
94%
38 Willi Orbán CB 136 15 (3) 2020-2025
94%
149 Yann Sommer GK 93 0 (1) 2020-2023
94%
72 Yussuf Poulsen ST 121 20 (9) 2020-2025
94%
146 Donyell Malen RW 94 30 (16) 2021-2025
92%
43 Jeremie Frimpong RB 133 23 (28) 2020-2025
92%
36 Kevin Kampl CM 136 4 (4) 2020-2025
92%
80 Koen Casteels GK 119 0 (1) 2020-2024
92%
63 Ramy Bensebaini LB 124 15 (9) 2020-2025
92%
51 Ritsu Doan RW 131 27 (21) 2020-2021, 2022-2025
92%
53 Salih Özcan DM 130 2 (3) 2020-2025
92%
206 Serhou Guirassy ST 80 60 (6) 2022-2025
92%
56 Florian Neuhaus CM 128 15 (13) 2020-2025
89%
156 Hiroki Ito CB 91 3 (4) 2021-2025
89%
65 Jonas Hofmann AM 124 37 (37) 2020-2025
89%
295 Josip Stanisic RB 62 4 (3) 2020-2025
89%
153 Jude Bellingham AM 92 12 (16) 2020-2023
89%
47 Julian Ryerson RB 132 9 (8) 2020-2025
89%
305 Mathys Tel ST 60 12 (6) 2022-2025
89%
101 Mats Hummels CB 111 10 (2) 2020-2024
89%
18 Matthias Ginter CB 151 9 (5) 2020-2025
89%
54 Maximilian Mittelstädt LB 130 3 (19) 2020-2025
89%
121 Omar Marmoush ST 103 35 (22) 2020-2025
89%
89 Péter Gulácsi GK 115 0 (0) 2020-2025
89%
142 Philipp Hofmann ST 95 15 (8) 2022-2025
89%
90 Piero Hincapié CB 115 5 (5) 2021-2025
89%
286 Robert Lewandowski ST 63 76 (11) 2020-2022
89%
675 Sven Ulreich GK 21 0 (0) 2021-2025
89%
297 Aarón Martín LB 61 6 (4) 2020-2023
86%
100 André Silva ST 111 45 (19) 2020-2022, 2024-2025
86%
309 Anthony Modeste ST 59 22 (5) 2020-2023
86%
212 Benjamin Pavard CB 79 4 (2) 2020-2023
86%
339 Castello Lukeba CB 55 1 (0) 2023-2025
86%
119 Emil Forsberg LW 104 21 (12) 2020-2024
86%
172 Eric-Maxim Choupo-Moting ST 88 19 (7) 2020-2024
86%
118 Exequiel Palacios CM 105 11 (14) 2020-2025
86%
152 Felix Nmecha CM 92 8 (11) 2021-2025
86%
282 Harry Kane ST 63 62 (18) 2023-2025
86%
285 Lukas Nmecha ST 63 16 (3) 2021-2025
86%
207 Marcus Thuram ST 80 24 (14) 2020-2023
86%
353 Matthijs de Ligt CB 53 5 (1) 2022-2024
86%
217 Niclas Füllkrug ST 78 34 (13) 2020-2021, 2022-2024
86%
25 Rani Khedira DM 144 4 (2) 2020-2025
86%
41 Robert Andrich DM 135 17 (10) 2020-2025
86%
885 Sami Khedira CM 9 0 (2) 2020-2021
86%
122 Xaver Schlager CM 101 3 (11) 2020-2025
86%
271 Alejandro Grimaldo LB 65 12 (23) 2023-2025
83%
52 Amadou Haidara CM 131 10 (9) 2020-2025
83%
170 Angeliño LB 88 6 (21) 2020-2023
83%
116 Ansgar Knauff RW 106 14 (13) 2020-2025
83%
61 Chris Führich LW 125 18 (15) 2021-2025
83%
24 Christian Günter LB 145 9 (24) 2020-2025
83%
361 Erling Haaland ST 52 49 (16) 2020-2022
83%
312 Fabian Klos ST 59 8 (4) 2020-2022
83%
157 Giovanni Reyna AM 91 15 (11) 2020-2025
83%
430 Jadon Sancho LW 40 10 (15) 2020-2021, 2023-2024
83%
530 Johannes Eggestein ST 29 3 (4) 2020-2021, 2024-2025
83%
127 John Brooks CB 99 5 (1) 2020-2024
83%
337 Lucas Hernández LB 55 0 (5) 2020-2023
83%
180 Mario Götze AM 86 9 (6) 2022-2025
83%
3 Maximilian Eggestein CM 161 7 (11) 2020-2025
83%
466 Michael Olise RW 34 12 (18) 2024-2025
83%
79 Nadiem Amiri CM 120 15 (16) 2020-2025
83%
336 Adrian Beck AM 55 5 (2) 2023-2025
81%
272 Alexander Nübel GK 65 0 (1) 2020-2021, 2023-2025
81%
148 Amine Adli LW 94 14 (14) 2021-2025
81%
281 Benjamin Sesko ST 64 27 (7) 2023-2025
81%
291 Dan-Axel Zagadou CB 62 1 (0) 2020-2025
81%
382 Finn Becker CM 48 0 (1) 2022-2025
81%
265 Granit Xhaka DM 66 5 (7) 2023-2025
81%
1145 Hennes Behrens LB 1 0 (0) 2024-2025
81%
296 Hugo Larsson CM 62 5 (2) 2023-2025
81%
532 Jérôme Boateng CB 29 1 (1) 2020-2021
81%
907 Jonas Urbig GK 8 0 (0) 2024-2025
81%
845 Jordan Larsson RW 11 0 (0) 2022-2023
81%
113 Kevin Behrens ST 106 16 (7) 2021-2025
81%
457 Kevin-Prince Boateng AM 34 0 (0) 2021-2023
81%
92 Lukas Klostermann CB 114 3 (1) 2020-2025
81%
273 Maximilian Beier ST 65 24 (9) 2020-2021, 2023-2025
81%
154 Sheraldo Becker LW 91 18 (18) 2020-2024
81%
159 Silas RW 91 21 (12) 2020-2024
81%
371 Timo Becker CB 50 0 (2) 2020-2021, 2024-2025
81%
37 Tuta CB 136 9 (3) 2020-2025
81%
434 Aleksandar Pavlovic DM 40 3 (2) 2023-2025
78%
103 Angelo Stiller DM 110 5 (16) 2021-2025
78%
95 Benjamin Henrichs RB 113 6 (14) 2020-2025
78%
140 Daichi Kamada AM 96 18 (23) 2020-2023
78%
143 Dani Olmo AM 95 14 (23) 2020-2024
78%
492 David Alaba CB 32 2 (4) 2020-2021
78%
136 Davie Selke ST 97 19 (1) 2020-2024
78%
168 Enzo Millot AM 89 11 (14) 2021-2025
78%
289 Filip Kostić LM 62 8 (26) 2020-2023
78%
198 Jonas Hector LB 81 3 (10) 2020-2023
78%
64 Jonathan Burkardt ST 124 40 (12) 2020-2025
78%
250 Karim Adeyemi RW 70 16 (13) 2022-2025
78%
690 Keita Endo LW 20 1 (0) 2020-2022
78%
7 Lucas Höler ST 157 29 (17) 2020-2025
78%
235 Makoto Hasebe DM 73 0 (0) 2020-2024
78%
288 Marcel Halstenberg CB 63 4 (4) 2020-2023
78%
137 Moussa Diaby RW 97 26 (32) 2020-2023
78%
366 Nathan Tella RW 51 7 (8) 2023-2025
78%
125 Patrick Wimmer RW 100 12 (20) 2021-2025
78%
465 Randal Kolo Muani ST 34 16 (14) 2022-2024
78%
19 Robin Zentner GK 151 0 (0) 2020-2025
78%
591 Ryan Gravenberch DM 25 0 (0) 2022-2024
78%
275 Tim Kleindienst ST 64 28 (14) 2023-2025
78%
415 Victor Boniface ST 42 22 (11) 2023-2025
78%
129 Wataru Endo DM 99 12 (11) 2020-2023
78%
323 Xavi Simons AM 57 18 (20) 2023-2025
78%
177 Christopher Nkunku ST 87 42 (28) 2020-2023
75%
169 Christoph Kramer DM 89 0 (3) 2020-2024
75%
318 Deniz Undav ST 57 27 (13) 2023-2025
75%
193 Dodi Lukébakio RW 83 18 (12) 2020-2023
75%
292 Dominik Szoboszlai AM 62 12 (16) 2021-2023
75%
171 Jeff Chabot CB 88 3 (4) 2021-2025
75%
730 João Palhinha DM 17 0 (0) 2024-2025
75%
120 Jonas Wind ST 103 31 (11) 2021-2025
75%
228 Ko Itakura CB 75 6 (3) 2022-2025
75%
865 Lennart Grill GK 10 0 (0) 2020-2023
75%
715 Luka Jović ST 18 4 (1) 2020-2021
75%
215 Manu Koné CM 79 4 (3) 2021-2024
75%
34 Marius Wolf RB 137 7 (12) 2020-2025
75%
102 Maxence Lacroix CB 111 6 (2) 2020-2024
75%
279 Nick Woltemade CF 64 14 (3) 2020-2021, 2023-2025
75%
199 Takuma Asano RW 81 12 (7) 2021-2024
75%
325 Thomas Meunier RB 56 3 (5) 2020-2024
75%
204 Wout Weghorst ST 80 33 (13) 2020-2021, 2023-2024
75%
543 Aleix García CM 28 3 (4) 2024-2025
72%
303 Breel Embolo ST 60 14 (10) 2020-2022
72%
544 Dani de Wit AM 28 2 (2) 2024-2025
72%
317 Hannes Wolf RW 57 4 (3) 2020-2023
72%
223 Jamie Gittens LW 76 12 (11) 2021-2025
72%
411 Jannes Horn LB 42 0 (1) 2020-2023
72%
262 Josha Vagnoman RB 67 5 (6) 2022-2025
72%
308 Josko Gvardiol LB 59 3 (2) 2021-2023
72%
33 Kevin Stöger AM 137 19 (17) 2020-2025
72%
185 Lars Stindl AM 85 26 (22) 2020-2023
72%
513 Leon Bailey RW 30 9 (9) 2020-2021
72%
680 Marwin Hitz GK 21 0 (0) 2020-2022
72%
49 Michael Gregoritsch ST 131 29 (13) 2020-2025
72%
441 Noussair Mazraoui RB 38 1 (7) 2022-2024
72%
110 Roland Sallai RB, RW 107 16 (18) 2020-2025
72%
473 Sébastien Haller ST 33 9 (6) 2022-2024
72%
306 Timo Horn GK 60 0 (0) 2020-2021, 2024-2025
72%
793 Amin Sarr ST 14 0 (0) 2023-2024
69%
742 Bouna Sarr RB 16 0 (1) 2020-2024
69%
495 Corentin Tolisso CM 31 3 (1) 2020-2022
69%
449 Eric Dier CB 36 2 (1) 2023-2025
69%
195 Florian Grillitsch DM 82 3 (8) 2020-2021, 2023-2025
69%
754 Ian Maatsen LB 16 2 (2) 2023-2024
69%
786 Ibrahima Konaté CB 14 1 (0) 2020-2021
69%
391 Janis Blaswich GK 47 0 (0) 2022-2024
69%
706 Javi Martínez CB 19 0 (0) 2020-2021
69%
389 Jonathan Schmid RM 47 2 (3) 2020-2023
69%
1046 Josep Martínez GK 2 0 (0) 2020-2022
69%
260 Loïs Openda ST 67 33 (16) 2023-2025
69%
230 Mahmoud Dahoud CM 74 5 (7) 2020-2025
69%
346 Manuel Akanji CB 54 3 (0) 2020-2022
69%
128 Marvin Ducksch ST 99 32 (27) 2022-2025
69%
135 Mitchell Weiser RB 97 11 (26) 2020-2021, 2022-2025
69%
243 Nordi Mukiele RB 71 5 (6) 2020-2021, 2024-2025
69%
298 Robin Koch CB 61 5 (0) 2023-2025
69%
93 Romano Schmid AM 114 10 (19) 2020-2021, 2022-2025
69%
75 Rubén Vargas LW 121 14 (15) 2020-2025
69%
340 Thorgan Hazard AM, LW 54 5 (4) 2020-2024
69%
453 Timo Werner LW 35 11 (4) 2022-2024
69%
403 Axel Witsel CB 44 2 (0) 2020-2022
67%
200 Borna Sosa LB 81 3 (25) 2020-2024
67%
324 Charles Aránguiz CM 57 2 (4) 2020-2023
67%
126 Danny da Costa CB 100 0 (5) 2020-2025
67%
364 Franck Honorat RW 51 7 (20) 2023-2025
67%
248 Jakub Kaminski LW 70 4 (8) 2022-2025
67%
487 Josh Sargent ST 32 5 (2) 2020-2021
67%
238 Lucas Alario ST 72 18 (3) 2020-2023
67%
800 Marcin Kaminski CB 13 2 (0) 2020-2021, 2022-2023
67%
91 Marius Bülter LW 114 20 (9) 2020-2021, 2022-2025
67%
252 Mark Flekken GK 69 0 (0) 2020-2023
67%
506 Mohamed Amoura ST 31 10 (12) 2024-2025
67%
456 Paul Wanner AM 35 3 (2) 2021-2022, 2024-2025
67%
584 Sadio Mané LW 25 7 (5) 2022-2023
67%
213 Sebastian Rode CM 79 6 (1) 2020-2024
67%
359 Taiwo Awoniyi ST 52 20 (5) 2020-2022
67%
222 Youssoufa Moukoko ST 76 17 (6) 2020-2024
67%
995 Daniel Peretz GK 4 0 (0) 2023-2025
64%
106 Frederik Rönnow GK 108 0 (0) 2020-2025
64%
104 Jamie Leweling RW 110 12 (12) 2021-2025
64%
320 Jesper Lindstrøm RW 57 12 (9) 2021-2024
64%
396 Karim Bellarabi RW 46 3 (4) 2020-2023
64%
189 Kerem Demirbay CM 83 9 (13) 2020-2023
64%
331 Martin Hinteregger CB 56 3 (3) 2020-2022
64%
820 Marvin Schulz DM 12 0 (0) 2024-2025
64%
186 Mohamed Simakan CB 85 4 (5) 2021-2025
64%
394 Moritz Nicolas GK 46 0 (0) 2023-2025
64%
540 Nico Schulz LB 29 0 (2) 2020-2022
64%
304 Noah Atubolu GK 60 0 (0) 2023-2025
64%
280 Rocco Reitz CM 64 8 (4) 2020-2021, 2022-2025
64%
694 Roman Bürki GK 20 0 (0) 2020-2022
64%
770 Sacha Boey RB 15 0 (2) 2023-2025
64%
264 Stefan Ortega GK 67 0 (1) 2020-2022
64%
176 Suat Serdar CM 87 8 (5) 2020-2023
64%
567 Thomas Delaney CM 27 1 (1) 2020-2023
64%
388 Timothy Chandler RB 47 1 (1) 2020-2025
64%
354 Alex Král CM 53 0 (1) 2022-2024
61%
1066 Arijon Ibrahimovic AM 2 0 (0) 2022-2023, 2024-2025
61%
683 Bence Dárdai AM 21 1 (3) 2024-2025
61%
293 Benedict Hollerbach ST 62 14 (3) 2023-2025
61%
253 Christian Groß DM 69 1 (3) 2020-2021, 2022-2024
61%
832 Daniel Svensson LB 12 1 (3) 2024-2025
61%
117 Florian Kainz AM 105 16 (21) 2020-2024
61%
232 Jiri Pavlenka GK 74 0 (0) 2020-2021, 2022-2024
61%
1022 Joshua Zirkzee ST 3 0 (0) 2020-2021
61%
133 Manuel Riemann GK 98 0 (1) 2021-2024
61%
769 Martin Terrier LW 15 2 (1) 2024-2025
61%
423 Márton Dárdai CB 41 1 (2) 2020-2023
61%
319 Max Kruse CF 57 23 (11) 2020-2023
61%
26 Nico Elvedi CB 144 10 (3) 2020-2025
61%
221 Ondrej Duda CM 76 9 (6) 2020-2023
61%
527 Pascal Groß CM 30 0 (10) 2024-2025
61%
330 Tom Bischof CM 56 5 (4) 2021-2025
61%
545 Amine Harit AM 28 2 (5) 2020-2021
58%
597 Antonio Nusa LW 25 3 (4) 2024-2025
58%
1052 Ben Voll GK 2 0 (0) 2024-2025
58%
123 Grischa Prömel CM 101 16 (8) 2020-2025
58%
923 Guus Til AM 7 0 (0) 2020-2021
58%
390 Hugo Ekitiké ST 47 19 (10) 2023-2025
58%
762 João Cancelo RB 15 1 (4) 2022-2023
58%
174 Julian Weigl DM 87 3 (6) 2022-2025
58%
60 Kevin Vogt CB 126 1 (3) 2020-2025
58%
526 Kevin Volland AM 30 3 (5) 2023-2025
58%
948 Luca Philipp GK 6 0 (0) 2024-2025
58%
343 Luca Waldschmidt ST 54 8 (3) 2021-2024
58%
190 Maximilian Philipp CF 83 9 (6) 2020-2025
58%
355 Mitchel Bakker LB 53 4 (6) 2021-2023
58%
408 Niklas Beste RW, LW 43 8 (14) 2023-2025
58%
512 Rasmus Kristensen RB 30 5 (3) 2024-2025
58%
739 Sead Kolasinac CB 17 1 (1) 2020-2021
58%
697 Can Uzun AM 20 4 (2) 2024-2025
56%
987 Dong-jun Lee RW 4 0 (0) 2021-2022
56%
68 Jae-sung Lee AM 123 24 (19) 2021-2025
56%
283 Michael Zetterer GK 63 0 (0) 2022-2025
56%
960 Naby Keïta CM 5 0 (0) 2023-2024
56%
55 Niklas Stark CB 129 3 (1) 2020-2025
56%
497 Robin Gosens LB 31 6 (4) 2023-2025
56%
483 Sardar Azmoun ST 32 5 (2) 2021-2023
56%
525 Tom Rothe LM 30 4 (5) 2021-2022, 2024-2025
56%
27 Ellyes Skhiri DM 143 19 (9) 2020-2025
53%
528 Jackson Irvine CM 29 0 (5) 2024-2025
53%
8 Jeffrey Gouweleeuw CB 156 5 (6) 2020-2025
53%
665 Kenan Karaman ST 21 1 (2) 2022-2023
53%
241 Kevin Mbabu RB 71 0 (3) 2020-2021, 2023-2024
53%
782 Lars Bender DM 14 1 (2) 2020-2021
53%
927 Leonardo Bonucci CB 7 1 (0) 2023-2024
53%
164 Marvin Schwäbe GK 89 0 (0) 2021-2024
53%
608 Milot Rashica RW 24 3 (5) 2020-2021
53%
201 Nils Petersen ST 81 14 (2) 2020-2023
53%
573 Ömer Toprak CB 26 2 (0) 2020-2021
53%
471 Philipp Max LB 33 1 (5) 2022-2024
53%
716 Sven Bender DM 18 0 (0) 2020-2021
53%
131 Tiago Tomás ST 99 14 (7) 2021-2025
53%
1001 Anton Kade RM 4 0 (0) 2021-2022
50%
57 Arne Maier CM 127 8 (12) 2020-2025
50%
983 Daley Blind CB 4 0 (0) 2022-2023
50%
231 Edimilson Fernandes DM 74 0 (6) 2020-2024
50%
311 Eric Martel DM 59 2 (3) 2022-2024
50%
436 Julian Baumgartlinger DM 39 2 (0) 2020-2023
50%
1043 Michaël Cuisance CM 2 0 (0) 2020-2022
50%
442 Micky van de Ven CB 38 1 (3) 2021-2023
50%
245 Munas Dabbur ST 70 13 (7) 2020-2023
50%
183 Niklas Dorsch DM 85 3 (2) 2021-2025
50%
689 Ragnar Ache ST 20 1 (1) 2020-2022
50%
758 Robert Wagner CM 16 0 (0) 2022-2023, 2024-2025
50%
251 Sebastian Rudy DM 70 4 (5) 2020-2023
50%
112 Stefan Lainer RB 107 4 (7) 2020-2025
50%
474 Timo Baumgartl CB 33 1 (3) 2021-2023
50%
242 Aymen Barkok AM 71 3 (5) 2020-2025
47%
791 David Abraham CB 14 1 (0) 2020-2021
47%
419 Denis Zakaria DM 41 3 (2) 2020-2022
47%
162 Diogo Leite CB 90 1 (3) 2022-2025
47%
39 Dominik Kohr CB 135 7 (5) 2020-2025
47%
322 Georginio Rutter ST 57 11 (6) 2020-2023
47%
97 Ihlas Bebou ST 112 30 (18) 2020-2025
47%
67 Karim Onisiwo ST 123 20 (18) 2020-2025
47%
873 Kenneth Schmidt CB 10 0 (0) 2022-2024
47%
81 Kevin Akpoguma CB 119 3 (4) 2020-2025
47%
208 Konstantinos Mavropanos CB 80 6 (2) 2020-2023
47%
58 Lucas Tousart CM 127 8 (5) 2020-2025
47%
994 Malik Tillman AM 4 0 (0) 2021-2022
47%
606 Niklas Schmidt CM 24 3 (0) 2022-2023
47%
263 Niko Gießelmann LB 67 3 (9) 2020-2023
47%
84 Pavel Kaderabek RB 118 7 (13) 2020-2025
47%
29 Philipp Lienhart CB 142 12 (0) 2020-2025
47%
98 Sebastiaan Bornauw CB 112 5 (1) 2020-2025
47%
534 Timothy Tillman CM 29 1 (3) 2021-2022
47%
1041 Andrey Lunev GK 2 0 (0) 2021-2023
44%
70 Anton Stach DM 122 5 (16) 2021-2025
44%
501 Arthur Theate CB 31 0 (0) 2024-2025
44%
583 Benito Raman ST 25 2 (0) 2020-2021
44%
874 Carney Chukwuemeka CM 10 1 (0) 2024-2025
44%
650 Dawid Kownacki ST 22 0 (0) 2023-2024
44%
155 Djibril Sow CM 91 6 (5) 2020-2023
44%
681 Frans Krätzig LB 21 1 (2) 2023-2025
44%
138 Jérôme Roussillon LB 96 1 (5) 2020-2025
44%
76 Joe Scally RB 121 2 (6) 2021-2025
44%
71 Leandro Barreiro CM 122 11 (10) 2020-2024
44%
109 Leonardo Bittencourt CM 108 10 (7) 2020-2021, 2022-2025
44%
842 Lukasz Piszczek RB 11 0 (0) 2020-2021
44%
108 Marco Richter AM 108 15 (10) 2020-2024
44%
367 Nicolas Seiwald CM 51 0 (2) 2023-2025
44%
426 Niels Nkounkou LB 41 3 (3) 2023-2025
44%
236 Odilon Kossounou CB 73 1 (2) 2021-2024
44%
196 Rafael Borré ST 82 14 (8) 2021-2024
44%
464 Ralf Fährmann GK 34 0 (0) 2020-2021, 2022-2023
44%
69 Robin Knoche CB 123 4 (3) 2020-2024
44%
1088 Ron-Robert Zieler GK 1 0 (0) 2020-2021
44%
682 Yan Couto RB 21 0 (0) 2024-2025
44%
255 Alexander Hack CB 68 4 (1) 2020-2023
42%
203 Alexander Schwolow GK 81 0 (0) 2020-2025
42%
523 Brajan Gruda RW 30 4 (3) 2022-2024
42%
789 Callum Hudson-Odoi LW 14 0 (1) 2022-2023
42%
692 Chidera Ejuke LW 20 0 (3) 2022-2023
42%
45 Christopher Trimmel RB 133 3 (21) 2020-2025
42%
233 Daniel Caligiuri RW 74 11 (8) 2020-2023
42%
943 Dong-won Ji ST 6 0 (0) 2020-2021
42%
856 Douglas Costa RW 11 1 (1) 2020-2021
42%
751 Eljif Elmas LW 16 0 (0) 2023-2025
42%
23 Elvis Rexhbecaj CM 145 8 (3) 2020-2025
42%
837 Finn Jeltsch CB 12 0 (0) 2024-2025
42%
872 Fisnik Asllani ST 10 0 (0) 2021-2023
42%
161 Jens Stage CM 90 16 (11) 2022-2025
42%
667 Jhon Córdoba ST 21 7 (2) 2020-2021
42%
94 Marco Friedl CB 113 1 (1) 2020-2021, 2022-2025
42%
218 Mattias Svanberg CM 77 8 (11) 2022-2025
42%
30 Nicolas Höfler DM 141 4 (12) 2020-2025
42%
240 Ozan Kabak CB 72 6 (4) 2020-2021, 2022-2024
42%
160 Rafal Gikiewicz GK 91 0 (0) 2020-2023
42%
151 Robin Hack LW 92 14 (13) 2021-2022, 2023-2025
42%
42 Woo-yeong Jeong AM 133 15 (10) 2020-2025
42%
214 Adam Hlozek CF 79 15 (10) 2022-2025
39%
738 Alexander Meyer GK 17 0 (0) 2022-2025
39%
546 Alexis Claude-Maurice AM 28 9 (3) 2024-2025
39%
459 Almamy Touré CB 34 1 (2) 2020-2023
39%
144 Anthony Caci RB 95 5 (12) 2022-2025
39%
35 Atakan Karazor DM 137 2 (10) 2020-2025
39%
799 Bazoumana Touré LW 13 0 (3) 2024-2025
39%
938 Bryan Zaragoza LW 7 0 (0) 2023-2024
39%
835 El Bilal Touré ST 12 2 (1) 2024-2025
39%
568 Havard Nielsen ST 26 2 (0) 2021-2022
39%
930 Ibrahima Traoré LW 7 0 (1) 2020-2021
39%
372 Josip Juranovic RB 50 2 (4) 2022-2025
39%
1006 Loris Karius GK 4 0 (0) 2020-2021
39%
105 Luca Netz LB 109 2 (14) 2020-2025
39%
860 Max Meyer AM 10 0 (0) 2020-2021
39%
299 Omar Traoré RB 61 0 (6) 2023-2025
39%
417 Renato Steffen RW 41 5 (6) 2020-2022
39%
326 Sven Michel LW 56 8 (4) 2021-2024
39%
514 Ádám Szalai ST 30 2 (0) 2020-2022
36%
87 Amos Pieper CB 116 3 (2) 2020-2025
36%
916 Attila Szalai CB 7 0 (0) 2023-2024
36%
194 Danilho Doekhi CB 83 8 (2) 2022-2025
36%
1012 Davy Klaassen CM 3 0 (0) 2020-2021
36%
266 Felix Passlack RB 66 5 (9) 2020-2025
36%
182 Gerrit Holtmann LW 85 8 (8) 2021-2025
36%
768 Jean-Philippe Mateta ST 15 7 (1) 2020-2021
36%
450 Josip Brekalo LW 36 7 (5) 2020-2023
36%
254 Josuha Guilavogui DM 69 1 (1) 2020-2024
36%
535 Kamil Grabara GK 29 0 (0) 2024-2025
36%
747 Kasim Adams CB 16 0 (0) 2020-2021, 2023-2024
36%
418 Krzysztof Piatek ST 41 8 (3) 2020-2022
36%
593 Lewis Holtby CM 25 0 (2) 2024-2025
36%
421 Lovro Majer AM 41 7 (6) 2023-2025
36%
619 Ludwig Augustinsson LB 23 0 (4) 2020-2021
36%
658 Malick Thiaw CB 22 1 (0) 2020-2021, 2022-2023
36%
62 Marvin Friedrich CB 124 6 (3) 2020-2025
36%
259 Marvin Plattenhardt LB 68 0 (8) 2020-2023
36%
547 Matheus Cunha CF 28 7 (6) 2020-2022
36%
819 Max Moerstedt ST 13 0 (1) 2023-2025
36%
165 Milos Veljkovic CB 89 3 (5) 2020-2021, 2022-2025
36%
595 Morgan Guilavogui RW 25 6 (2) 2024-2025
36%
132 Robert Skov LM 98 9 (12) 2020-2025
36%
277 Senne Lynen DM 64 0 (4) 2023-2025
36%
114 Silvan Widmer RB 106 7 (11) 2021-2025
36%
365 Tyler Adams DM 51 1 (2) 2020-2022
36%
31 Yannick Gerhardt CM 139 12 (14) 2020-2025
36%
86 Anthony Losilla DM 116 5 (5) 2021-2025
33%
458 Branimir Hrgota ST 34 9 (6) 2021-2022
33%
192 Dejan Ljubicic DM 83 8 (4) 2021-2024
33%
202 Eren Dinkçi RW 81 11 (9) 2020-2021, 2022-2025
33%
184 Evan Ndicka CB 85 8 (5) 2020-2023
33%
957 Felix Klaus RM 6 0 (0) 2020-2021
33%
284 Finn Dahmen GK 63 0 (0) 2020-2025
33%
73 Janik Haberer CM 121 9 (2) 2020-2025
33%
461 Jonas Omlin GK 34 0 (1) 2022-2025
33%
946 Kristian Pedersen LB 6 0 (0) 2022-2023
33%
115 Mads Pedersen LB 106 3 (3) 2020-2025
33%
817 Marin Ljubicic ST 13 1 (1) 2024-2025
33%
274 Mark Uth ST 64 8 (10) 2020-2024
33%
952 Matej Kovar GK 6 0 (0) 2023-2025
33%
225 Phillipp Mwene LB 75 3 (9) 2020-2021, 2023-2025
33%
414 Sepp van den Berg CB 42 4 (0) 2022-2024
33%
485 Simon Terodde ST 32 5 (1) 2022-2023
33%
332 Vladimír Darida CM 55 3 (11) 2020-2023
33%
482 Willian Pacho CB 33 0 (2) 2023-2024
33%
953 Yvandro Borges Sanches LW 6 0 (1) 2022-2024
33%
370 Alessandro Schöpf CM 50 1 (1) 2020-2022
31%
829 Andreas Skov Olsen RW 12 1 (1) 2024-2025
31%
618 Arthur RB 24 0 (3) 2023-2025
31%
287 Aster Vranckx CM 63 2 (0) 2021-2025
31%
178 Cédric Brunner RB 86 0 (2) 2020-2023
31%
468 Chris Richards CB 34 1 (3) 2020-2022
31%
392 Daley Sinkgraven LB 46 0 (2) 2020-2023
31%
373 Denis Huseinbasic CM 50 4 (4) 2022-2024
31%
352 Farès Chaïbi AM 54 3 (9) 2023-2025
31%
187 Florian Niederlechner ST 84 15 (10) 2020-2023
31%
440 Gonzalo Castro CM 38 5 (3) 2020-2022
31%
219 Ivan Ordets CB 76 1 (2) 2022-2025
31%
267 Jacob Bruun Larsen LW 66 8 (4) 2020-2022, 2024-2025
31%
931 Jacob Christensen DM 7 0 (0) 2023-2024
31%
315 Joakim Maehle LB 58 5 (8) 2023-2025
31%
227 Jordan ST 75 9 (8) 2022-2025
31%
431 Junior Adamu ST 40 2 (2) 2023-2025
31%
802 Kasper Dolberg ST 13 1 (0) 2022-2023
31%
895 Kauã Santos GK 9 0 (0) 2024-2025
31%
130 Kristijan Jakic DM 99 4 (4) 2021-2025
31%
66 Lukas Kübler RB 124 10 (3) 2020-2025
31%
760 Matija Nastasić CB 15 0 (0) 2020-2021
31%
612 Mattéo Guendouzi CM 24 2 (3) 2020-2021
31%
402 Mergim Berisha ST 44 10 (5) 2022-2025
31%
475 Nikola Vasilj GK 33 0 (0) 2024-2025
31%
480 Oliver Christensen GK 33 0 (0) 2022-2023
31%
828 Omar Richards LB 12 0 (0) 2021-2022
31%
163 Patrick Osterhage DM 90 3 (4) 2021-2025
31%
338 Peter Pekarík RB 55 3 (1) 2020-2023
31%
316 Reece Oxford CB 57 2 (1) 2020-2023
31%
897 Abdou Diallo CB 8 1 (0) 2022-2023
28%
756 Andrej Ilic ST 16 7 (1) 2024-2025
28%
562 Armindo Sieb CF 27 2 (3) 2024-2025
28%
379 Aurélio Buta RB 48 4 (5) 2022-2024
28%
347 Bernardo CB 54 1 (0) 2023-2025
28%
516 Brenden Aaronson AM 30 2 (2) 2023-2024
28%
210 Christopher Antwi-Adjei LW 79 6 (12) 2021-2024
28%
237 Christopher Lenz LB 72 0 (7) 2020-2024
28%
220 Cristian Gamboa RB 76 2 (1) 2021-2025
28%
864 Demarai Gray LW 10 1 (2) 2020-2021
28%
278 Felix Agu LB 64 4 (5) 2020-2021, 2022-2025
28%
175 Fredrik Jensen AM 87 4 (9) 2020-2025
28%
351 Genki Haraguchi AM 54 2 (8) 2021-2024
28%
479 Ilia Gruev DM 33 0 (0) 2020-2021, 2022-2024
28%
1148 Jonathan Asp Jensen AM 1 0 (0) 2023-2024
28%
538 Kevin Schade LW 29 5 (1) 2021-2023
28%
167 Manuel Gulde CB 89 4 (0) 2020-2024
28%
173 Marc Oliver Kempf CB 87 6 (2) 2020-2023
28%
615 Mert Kömür AM 24 3 (1) 2023-2025
28%
861 Michy Batshuayi ST 10 3 (0) 2024-2025
28%
447 Nelson Weiper ST 37 5 (2) 2022-2025
28%
578 Nnamdi Collins CB 26 1 (1) 2023-2025
28%
420 Oliver Burke ST 41 7 (1) 2022-2025
28%
188 Pascal Stenzel RB 84 0 (7) 2020-2025
28%
211 Patrick Herrmann RW 79 1 (8) 2020-2024
28%
399 Paul Nebel AM 45 10 (7) 2020-2021, 2024-2025
28%
794 Paxten Aaronson AM, CM 14 0 (2) 2022-2024
28%
542 Robin Quaison ST 28 6 (3) 2020-2021
28%
224 Sargis Adamyan ST 75 5 (8) 2020-2024
28%
491 Shuto Machino ST 32 11 (3) 2024-2025
28%
1121 Soumaïla Coulibaly CB 1 0 (0) 2022-2023
28%
455 Stevan Jovetić CF 35 10 (3) 2021-2023
28%
270 Tanguy Coulibaly RW 66 6 (3) 2020-2023
28%
377 Tomas Cvancara ST 49 6 (1) 2023-2025
28%
249 András Schäfer CM 70 3 (4) 2021-2025
25%
150 Anthony Jung CB 93 3 (5) 2022-2025
25%
934 Bambasé Conté AM 7 0 (0) 2023-2024
25%
139 Benno Schmitz RB, DM 96 1 (7) 2020-2024
25%
268 Diadié Samassékou DM 66 2 (3) 2020-2025
25%
499 Dimitrios Giannoulis LB 31 1 (4) 2024-2025
25%
147 Erhan Masovic CB 94 5 (1) 2021-2025
25%
893 Gabriel Vidovic CF 9 0 (1) 2021-2022, 2024-2025
25%
959 Gideon Jung CB 5 0 (0) 2021-2022
25%
357 Gonçalo Paciência ST 52 7 (3) 2020-2021, 2023-2024
25%
649 Haris Tabakovic ST 22 3 (1) 2024-2025
25%
158 Iago LB 91 4 (10) 2020-2024
25%
620 Joel Pohjanpalo ST 23 6 (0) 2020-2023
25%
470 Kaishu Sano DM 34 0 (0) 2024-2025
25%
445 Levin Öztunali LW 37 1 (3) 2020-2023
25%
771 Nico González RW 15 6 (2) 2020-2021
25%
256 Patrick Mainka CB 68 3 (1) 2023-2025
25%
537 Paulinho LW 29 5 (2) 2020-2023
25%
124 Robert Gumny RB 101 2 (3) 2020-2025
25%
636 Tanguy Nianzou CB 23 1 (1) 2020-2022
25%
205 Timo Hübers CB 80 4 (1) 2021-2024
25%
566 Alfred Finnbogason ST 27 2 (2) 2020-2022
22%
348 Andreas Hanche-Olsen CB 54 3 (4) 2022-2025
22%
965 Antonios Papadopoulos CB 5 0 (0) 2021-2024
22%
368 Arne Engels CM 51 3 (9) 2022-2025
22%
831 Bas Dost ST 12 4 (2) 2020-2021
22%
314 Carlos Gruezo DM 58 0 (0) 2020-2023
22%
356 Dominique Heintz CB 52 0 (0) 2020-2024
22%
145 Felix Uduokhai CB 94 3 (1) 2020-2024
22%
700 Hee-chan Hwang ST 19 0 (1) 2020-2022
22%
134 Jan Thielmann RW 98 8 (9) 2020-2024
22%
181 Jean-Paul Boëtius AM 85 4 (9) 2020-2023
22%
452 Jens Petter Hauge LW 36 2 (2) 2021-2022, 2023-2024
22%
997 João Klauss ST 4 0 (0) 2020-2021
22%
857 Johan Manzambi CM 11 2 (2) 2024-2025
22%
302 Jonas Föhrenbach LB 60 0 (1) 2023-2025
22%
602 Julian Green CM 24 0 (0) 2021-2022
22%
321 Junior Dina Ebimbe RM 57 8 (6) 2022-2025
22%
696 Keke Topp ST 20 2 (2) 2022-2023, 2024-2025
22%
350 Kevin Paredes LM 54 4 (4) 2021-2025
22%
383 Kilian Fischer RB 48 1 (1) 2022-2025
22%
197 Kiliann Sildillia RB 82 2 (3) 2021-2025
22%
387 Lennard Maloney DM 47 1 (1) 2021-2022, 2023-2025
22%
563 Leopold Querfeld CB 27 2 (2) 2024-2025
22%
179 Marcus Ingvartsen ST 86 19 (7) 2020-2023
22%
294 Marvin Pieringer ST 62 10 (8) 2023-2025
22%
616 Max Finkgräfe LB 24 1 (0) 2023-2024
22%
884 Nabil Bentaleb DM 9 0 (0) 2020-2021
22%
358 Orel Mangala DM 52 2 (7) 2020-2022
22%
329 Sasa Kalajdzic ST 56 22 (12) 2020-2024
22%
410 Sebastian Andersson ST 42 6 (2) 2020-2022
22%
451 Sergio Córdova ST 36 2 (1) 2020-2022
22%
444 Simon Zoller ST 38 6 (4) 2021-2024
22%
360 Stanley Nsoki CB 52 1 (0) 2022-2025
22%
246 Steffen Tigges ST 70 12 (1) 2020-2024
22%
695 Steven Zuber AM 20 0 (3) 2020-2021
22%
469 Theodor Gebre Selassie RB 34 3 (2) 2020-2021
22%
500 Tim Siersleben CB 31 0 (0) 2020-2021, 2023-2025
22%
651 Wendell LB 22 0 (1) 2020-2021
22%
446 Aïssa Laïdouni CM 37 2 (4) 2022-2024
19%
711 Christoph Zimmermann CB 19 0 (0) 2023-2024
19%
478 Deyovaisio Zeefuik RB 33 1 (0) 2020-2022
19%
349 Dominick Drexler AM 54 6 (5) 2020-2021, 2022-2023
19%
723 Elias Saad LW 18 3 (2) 2024-2025
19%
704 Florent Muslija AM 19 0 (0) 2023-2025
19%
919 Gil Dias RW 7 1 (0) 2022-2023
19%
472 Hauke Wahl CB 33 0 (0) 2024-2025
19%
486 Ibrahima Sissoko DM 32 2 (1) 2024-2025
19%
427 Ishak Belfodil ST 40 5 (4) 2020-2022
19%
674 Jordan Beyer CB 21 0 (1) 2020-2022
19%
438 Jordy Makengo LB 39 0 (0) 2023-2025
19%
684 Julián Malatini CB 21 2 (1) 2023-2025
19%
778 Julien Duranville LW 15 0 (1) 2022-2025
19%
369 Justin Njinmah RW 51 9 (6) 2022-2025
19%
385 Kingsley Schindler RW 47 1 (6) 2021-2023
19%
522 Konstantinos Koulierakis CB 30 0 (2) 2024-2025
19%
335 László Bénes CM 55 3 (4) 2020-2021, 2024-2025
19%
560 Leonidas Stergiou RB 27 2 (2) 2023-2025
19%
269 Luca Kilian CB 66 2 (0) 2020-2024
19%
765 Marc Roca DM 15 0 (0) 2020-2022
19%
435 Marnon Busch RB 39 0 (1) 2023-2025
19%
432 Mateo Klimowicz AM 40 1 (4) 2020-2022
19%
750 Mateu Morey RB 16 0 (3) 2020-2021, 2023-2024
19%
663 Matthew Hoppe ST 22 6 (1) 2020-2021
19%
375 Maxim Leitsch CB 49 2 (0) 2021-2025
19%
539 Maya Yoshida CB 29 0 (0) 2022-2023
19%
290 Moussa Niakhaté CB 62 7 (1) 2020-2022
19%
705 Myron Boadu ST 19 9 (1) 2024-2025
19%
648 Oscar Wendt LB 22 1 (1) 2020-2021
19%
477 Philipp Treu RB 33 0 (3) 2024-2025
19%
257 Phillip Tietz ST 68 15 (6) 2023-2025
19%
1000 Robin Hranac CB 4 0 (0) 2024-2025
19%
898 Rune Jarstein GK 8 0 (0) 2020-2021
19%
517 Samuel Essende ST 30 7 (3) 2024-2025
19%
422 Santiago Ascacíbar DM 41 1 (1) 2020-2022
19%
759 Tim Drexler CB 16 0 (0) 2023-2025
19%
592 Tim Lemperle ST 25 2 (0) 2021-2023
19%
229 Tom Krauß CM 75 3 (2) 2022-2025
19%
632 Tony Jantschke RB 23 0 (0) 2020-2024
19%
239 Yannik Keitel DM 72 1 (2) 2020-2025
19%
710 Admir Mehmedi CF 19 0 (2) 2020-2022
17%
725 Aleksandar Dragovic CB 18 1 (0) 2020-2021
17%
509 Alexander Sørloth ST 30 5 (2) 2020-2021, 2022-2023
17%
737 Aljoscha Kemlein DM 17 1 (0) 2023-2025
17%
307 Andreas Luthe GK 59 0 (0) 2020-2021, 2023-2024
17%
655 Armel Bella-Kotchap CB 22 0 (0) 2021-2022
17%
549 Arthur Vermeeren DM 28 0 (2) 2024-2025
17%
1038 Assan Ouédraogo CM 3 0 (0) 2024-2025
17%
400 Bastian Oczipka LB 45 0 (3) 2020-2022
17%
599 Benjamin Stambouli DM 24 0 (2) 2020-2021
17%
521 Chrislain Matsima CB 30 1 (1) 2024-2025
17%
572 Danel Sinani AM 26 2 (1) 2024-2025
17%
313 Danilo Soares LB 58 0 (1) 2021-2024
17%
557 Derrick Köhn LB 27 2 (2) 2024-2025
17%
565 El Chadaille Bitshiabu CB 27 0 (0) 2023-2025
17%
484 Eric Smith CB 32 1 (1) 2024-2025
17%
699 Erik Thommy AM 19 0 (2) 2020-2022
17%
626 Fiete Arp ST 23 2 (0) 2024-2025
17%
854 Grant-Leon Ranos ST 11 0 (0) 2023-2025
17%
993 Jan Olschowsky GK 4 0 (0) 2022-2023
17%
310 Jan Schöppner CM 59 6 (4) 2023-2025
17%
494 Jean-Mattéo Bahoya LW 32 2 (3) 2023-2025
17%
429 Jeremiah St. Juste CB 40 1 (1) 2020-2022
17%
967 Lasse Günther LB 5 0 (0) 2021-2022
17%
276 Linton Maina LW 64 4 (11) 2022-2024
17%
748 Lukas Klünter RB 16 0 (0) 2020-2022
17%
753 Marco John LB 16 0 (0) 2020-2022
17%
1102 Marco Pašalić RW 1 0 (0) 2022-2023
17%
989 Mario Hermoso CB 4 0 (0) 2024-2025
17%
728 Mathew Leckie LW 17 0 (1) 2020-2021
17%
345 Matus Bero CM 54 6 (4) 2023-2025
17%
216 Maximilian Bauer CB 78 1 (1) 2021-2025
17%
594 Max Rosenfelder CB 25 1 (0) 2024-2025
17%
579 Nathaniel Brown LB 26 3 (7) 2024-2025
17%
244 Nathan Ngoumou RW 71 8 (3) 2022-2025
17%
443 Olivier Deman LB 38 2 (1) 2023-2025
17%
992 Panagiotis Retsos CB 4 0 (0) 2021-2022
17%
191 Philipp Förster AM 83 8 (11) 2020-2024
17%
590 Ramon Hendriks LB 25 0 (1) 2024-2025
17%
808 Rogério LB 13 1 (0) 2023-2024
17%
644 Valentino Lazaro RM 22 2 (0) 2020-2021
17%
985 Vedad Ibisevic ST 4 0 (0) 2020-2021
17%
1092 Vincent Vermeij ST 1 0 (0) 2021-2022
17%
1073 Adam Aznou LB 2 0 (0) 2024-2025
14%
929 Ahmed Kutucu LW 7 0 (0) 2020-2021
14%
631 Alexander Prass LB 23 0 (2) 2024-2025
14%
258 André Hahn RW 68 15 (9) 2020-2023
14%
433 Anthony Rouault CB 40 1 (2) 2023-2025
14%
503 Bartosz Bialek ST 31 2 (0) 2020-2022
14%
328 Benedikt Gimber CB 56 1 (1) 2023-2025
14%
968 Benjamin Hübner CB 5 1 (0) 2021-2022
14%
633 Bryan Lasme ST 23 2 (0) 2021-2022
14%
398 Cédric Zesiger CB 45 0 (2) 2023-2025
14%
871 Connor Metcalfe CM 10 0 (0) 2024-2025
14%
1009 Daniel Batz GK 4 0 (0) 2023-2024
14%
766 Darko Churlinov LW 15 0 (1) 2020-2021, 2022-2023
14%
416 Dedryck Boyata CB 42 1 (2) 2020-2022
14%
209 Dennis Geiger CM 79 4 (6) 2020-2025
14%
899 Donny van de Beek CM 8 0 (0) 2023-2024
14%
977 Dzenan Pejcinovic ST 5 0 (0) 2022-2024
14%
910 Elye Wahi ST 8 0 (0) 2024-2025
14%
603 Fabian Bredlow GK 24 0 (0) 2020-2024
14%
580 Fabio Chiarodia CB 26 1 (0) 2022-2025
14%
956 Florian Hübner CB 6 0 (0) 2020-2021
14%
785 Georgios Masouras LW 14 2 (0) 2024-2025
14%
803 Gui Ramos CB 13 0 (0) 2021-2022
14%
640 Henning Matriciani RB 23 0 (0) 2020-2021, 2022-2023
14%
300 Jessic Ngankam ST 61 8 (3) 2020-2024
14%
531 Jonjoe Kenny RB 29 0 (1) 2022-2023
14%
718 Julian Justvan AM 18 2 (2) 2023-2024
14%
859 Karol Mets CB 10 0 (0) 2024-2025
14%
933 Kerim Calhanoglu LB 7 0 (0) 2020-2021, 2022-2023
14%
405 Konstantinos Stafylidis LB 43 0 (4) 2021-2023
14%
727 Leart Paçarada LB 17 0 (0) 2023-2024
14%
406 Luca Pfeiffer ST 43 1 (4) 2022-2024
14%
407 Ludovic Ajorque ST 43 8 (1) 2022-2024
14%
524 Lukas Ullrich LB 30 1 (2) 2023-2025
14%
610 Lutsharel Geertruida RB 24 1 (0) 2024-2025
14%
925 Mads Roerslev RB 7 0 (0) 2024-2025
14%
507 Marcel Schuhen GK 31 0 (0) 2023-2024
14%
515 Marco Grüll LW 30 6 (2) 2024-2025
14%
553 Marin Pongracic CB 27 0 (0) 2020-2022
14%
397 Mathias Honsak LW 45 6 (2) 2023-2025
14%
635 Mathias Olesen DM 23 0 (0) 2021-2024
14%
585 Maximilian Wöber CB 25 2 (3) 2023-2024
14%
395 Merlin Röhl AM 46 2 (6) 2022-2025
14%
552 Mijat Gacinovic AM 27 0 (2) 2020-2022
14%
412 Milos Pantovic AM 42 6 (3) 2021-2024
14%
362 Moritz Jenz CB 52 0 (1) 2022-2025
14%
733 Myziane Maolida LW 17 1 (1) 2021-2023
14%
1070 Niklas Lomb GK 2 0 (0) 2020-2021
14%
722 Niklas Moisander CB 18 0 (0) 2020-2021
14%
720 Nikolas Nartey CM 18 0 (0) 2021-2022, 2024-2025
14%
913 Noahkai Banks CB 8 0 (0) 2024-2025
14%
732 Omar Alderete CB 17 0 (0) 2020-2021
14%
600 Omar Mascarell DM 24 1 (1) 2020-2021
14%
698 Oscar Højlund CM 20 1 (0) 2024-2025
14%
685 Patrick Drewes GK 21 0 (0) 2024-2025
14%
849 Patric Pfeiffer CB 11 0 (1) 2023-2024
14%
637 Rasmus Carstensen RB 23 0 (1) 2023-2024
14%
564 Reinier AM 27 1 (1) 2020-2022
14%
816 Renato Veiga CB 13 0 (0) 2022-2023
14%
661 Rodrigo Zalazar CM 22 1 (6) 2022-2023
14%
833 Scott Banks RW 12 0 (0) 2024-2025
14%
334 Stefan Posch CB 55 2 (0) 2020-2023
14%
536 Stefan Schimmer ST 29 0 (1) 2023-2025
14%
623 Timothy Fosu-Mensah RB 23 0 (0) 2020-2023
14%
226 Tim Skarke ST 75 9 (5) 2022-2025
14%
1015 Tin Jedvaj CB 3 0 (0) 2020-2021
14%
1111 Tjark Ernst GK 1 0 (0) 2022-2023
14%
825 Tobias Sippel GK 12 0 (0) 2020-2022, 2024-2025
14%
780 Tomas Koubek GK 14 0 (0) 2022-2024
14%
866 William RB 10 0 (0) 2020-2021
14%
691 Agustín Rogel CB 20 0 (1) 2022-2023
11%
462 Ajdin Hrustić AM 34 3 (0) 2020-2022
11%
978 Almugera Kabar LB 5 0 (0) 2024-2025
11%
935 Ameen Al-Dakhil CB 7 0 (0) 2024-2025
11%
582 Amin Younes LW 26 3 (3) 2020-2021
11%
460 Anderson Lucoqui LB 34 1 (1) 2020-2022
11%
1010 Anthony Ujah ST 3 0 (0) 2021-2022
11%
498 Baptiste Santamaria DM 31 1 (2) 2020-2022
11%
646 Christian Gentner CM 22 0 (0) 2020-2021
11%
511 Christoph Klarer CB 30 2 (2) 2023-2024
11%
488 Daniel Brosinski RB 32 2 (1) 2020-2022
11%
376 Danny Latza CM 49 0 (3) 2020-2021, 2022-2023
11%
836 David Datro Fofana ST 12 1 (0) 2023-2024
11%
529 Denis Vavro CB 29 2 (0) 2024-2025
11%
404 Dion Beljo ST 44 5 (3) 2022-2024
11%
846 Emiliano Buendía AM 11 2 (0) 2024-2025
11%
550 Erik Durm RB 28 1 (3) 2020-2022
11%
638 Fabian Holland LB 23 0 (2) 2023-2024
11%
630 Håvard Nordtveit DM 23 0 (0) 2020-2022
11%
1072 Ibrahim Maza AM 2 1 (0) 2022-2023
11%
627 Ismail Jakobs LB 23 1 (1) 2020-2021
11%
428 Jacob Barrett Laursen LB 40 2 (1) 2020-2022
11%
601 Jetro Willems CB 24 1 (0) 2021-2022
11%
607 Jorge Meré CB 24 0 (0) 2020-2022
11%
777 Justin Diehl LW 15 1 (0) 2022-2025
11%
1008 Kjell Wätjen CM 4 0 (1) 2023-2025
11%
660 Klaus Gjasula DM 22 0 (0) 2023-2024
11%
764 Koji Miyoshi RM 15 1 (0) 2024-2025
11%
670 Lars Ritzka LB 21 1 (0) 2024-2025
11%
1132 Laurin Ulrich AM 1 0 (0) 2022-2023
11%
596 Leo Scienza LW 25 3 (3) 2024-2025
11%
979 Lovro Zvonarek AM 5 1 (0) 2023-2024
11%
609 Luca Itter CB 24 0 (1) 2021-2022
11%
510 Manolis Saliakas RB 30 2 (2) 2024-2025
11%
341 Manuel Prietl DM 54 1 (2) 2020-2022
11%
645 Marcel Hartel CM 22 0 (0) 2020-2021
11%
380 Masaya Okugawa LW 48 9 (2) 2020-2021, 2023-2024
11%
344 Maximilian Wittek LB 54 3 (2) 2023-2025
11%
657 Mehmet Aydin RB 22 0 (0) 2020-2021, 2022-2023
11%
247 Moritz Broschinski ST 70 5 (7) 2022-2025
11%
955 Muhammed Damar AM 6 0 (0) 2022-2023
11%
575 Naouirou Ahamada CM 26 2 (2) 2020-2023
11%
774 Nediljko Labrovic GK 15 0 (0) 2024-2025
11%
493 Nicolai Remberg CM 32 0 (1) 2024-2025
11%
936 Nikola Soldo CB 7 0 (0) 2022-2023
11%
773 Nikolas Veratschnig RB 15 0 (0) 2024-2025
11%
234 Noah Weißhaupt LW 74 2 (8) 2021-2025
11%
1153 Nuha Jatta AM 1 0 (0) 2023-2024
11%
489 Oladapo Afolayan RW 32 3 (2) 2024-2025
11%
393 Paul Jaeckel CB 46 1 (0) 2021-2024
11%
333 Paulo Otávio LB 55 0 (8) 2020-2023
11%
386 Paul Seguin CM 47 1 (6) 2021-2023
11%
1105 Philipp Bargfrede DM 1 0 (0) 2020-2021
11%
614 Philipp Klement AM 24 2 (2) 2020-2022
11%
556 Philipp Sander CM 27 1 (0) 2024-2025
11%
625 Pierre Kunde CM 23 1 (0) 2020-2021, 2022-2023
11%
384 Raphael Framberger RB 47 0 (1) 2020-2023
11%
775 Ricardo Pepi ST 15 0 (0) 2021-2023
11%
1094 Romario Rösch LM 1 0 (0) 2021-2022
11%
937 Samuel Bamba RW 7 0 (0) 2023-2025
11%
702 Sebastian Vasiliadis CM 19 0 (0) 2021-2022
11%
437 Stefan Ilsanker DM 39 1 (0) 2020-2022
11%
745 Steve Mounié ST 16 1 (0) 2024-2025
11%
729 Thomas Ouwejan LB 17 0 (1) 2022-2023
11%
1049 Tiago Dantas CM 2 0 (0) 2020-2021
11%
378 Tim Oermann CB 49 0 (2) 2022-2025
11%
586 Timon Weiner GK 25 0 (0) 2024-2025
11%
847 Tymoteusz Puchacz LB 11 0 (1) 2022-2023, 2024-2025
11%
425 Umut Tohumcu CM 41 0 (3) 2021-2025
11%
652 Vaclav Cerny RW 22 4 (0) 2023-2024
11%
1032 Yannik Lührs CB 3 0 (0) 2024-2025
11%
744 Adam Dzwigala CB 16 0 (0) 2024-2025
8%
746 Angelo Fulgini AM 16 0 (1) 2022-2023
8%
838 Anrie Chase CB 12 0 (0) 2024-2025
8%
581 Arthur Chaves CB 26 1 (0) 2024-2025
8%
909 Aurèle Amenda CB 8 0 (0) 2024-2025
8%
1017 Blendi Idrizi AM 3 1 (0) 2020-2021
8%
917 Borja Iglesias ST 7 0 (0) 2023-2024
8%
763 Budu Zivzivadze ST 15 2 (2) 2024-2025
8%
790 Can Bozdogan CM 14 0 (2) 2020-2021
8%
588 Carlo Boukhalfa CM 25 2 (0) 2024-2025
8%
1024 Conor Noß LW 3 0 (0) 2021-2022
8%
559 David Jurásek LB 27 0 (2) 2023-2025
8%
520 David Nemeth CB 30 0 (1) 2021-2022, 2024-2025
8%
721 David Zec CB 18 2 (0) 2024-2025
8%
830 Ermin Bicakcic CB 12 1 (0) 2020-2023
8%
671 Fabian Nürnberger LM 21 1 (2) 2023-2024
8%
677 Fabian Rieder RW 21 1 (4) 2024-2025
8%
496 Finn Porath AM 31 2 (2) 2024-2025
8%
749 Florian Dietz ST 16 1 (0) 2022-2024
8%
502 Frank Onyeka CM 31 0 (1) 2024-2025
8%
693 Hrvoje Smolcic CB 20 1 (0) 2022-2024
8%
639 Hyun-seok Hong AM 23 0 (1) 2024-2025
8%
634 Jakov Medic CB 23 1 (0) 2024-2025
8%
926 James Sands DM 7 0 (0) 2024-2025
8%
783 Javairô Dilrosun LW 14 0 (2) 2020-2022
8%
980 Jeanuël Belocian CB 5 0 (0) 2024-2025
8%
668 Jordan Torunarigha CB 21 0 (3) 2020-2022
8%
688 Jordi Osei-Tutu RB 20 0 (0) 2022-2023
8%
439 Kingsley Ehizibue RB 38 0 (2) 2020-2023
8%
1057 Lasse Rieß GK 2 0 (0) 2024-2025
8%
679 Lee Buchanan LB 21 1 (0) 2022-2023
8%
848 Leo Ostigard CB 11 0 (0) 2024-2025
8%
676 Lilian Egloff AM 21 0 (0) 2020-2024
8%
812 Linus Gechter CB 13 1 (0) 2021-2022
8%
901 Lukas Petkov RW 8 0 (0) 2020-2021, 2022-2023
8%
950 Maarten Vandevoordt GK 6 0 (0) 2024-2025
8%
869 Marcel Lotka GK 10 0 (0) 2021-2022
8%
569 Marco Meyerhöfer RB 26 1 (1) 2021-2022
8%
558 Matej Maglica CB 27 1 (0) 2021-2022, 2023-2024
8%
795 Mats Pannewig CM 14 0 (0) 2024-2025
8%
1031 Michael Esser GK 3 0 (0) 2021-2022
8%
561 Mikkel Kaufmann ST 27 1 (1) 2023-2025
8%
827 Nassim Boujellab CM 12 1 (0) 2020-2021
8%
1003 Noah Mbamba CM 4 0 (1) 2022-2024
8%
736 Pavao Pervan GK 17 0 (0) 2020-2021, 2023-2024
8%
788 Petar Musa ST 14 1 (3) 2020-2021
8%
1005 Philipp Pentke GK 4 0 (0) 2020-2022
8%
401 Rafael Czichos CB 45 1 (1) 2020-2022
8%
301 Sebastian Polter ST 61 12 (5) 2021-2024
8%
839 Shio Fukuda ST 11 1 (0) 2023-2025
8%
533 Sirlord Conteh RW 29 1 (1) 2024-2025
8%
981 Tiago Pereira Cardoso GK 5 0 (0) 2024-2025
8%
611 Tobias Kempe CM 24 3 (2) 2023-2024
8%
629 Wilfried Kanga ST 23 2 (0) 2022-2023
8%
518 Yorbe Vertessen ST 30 4 (2) 2023-2025
8%
1147 Yunus Mallı AM 1 0 (0) 2020-2021
8%
598 Yuya Osako ST 24 0 (1) 2020-2021
8%
709 Alexander Bernhardsson RW 19 7 (3) 2024-2025
6%
1086 Andreas Ivan LW 1 0 (0) 2022-2023
6%
821 Andreas Linde GK 12 0 (0) 2021-2022
6%
374 Andreas Voglsammer ST 50 4 (3) 2020-2022
6%
504 Armin Gigovic CM 31 5 (2) 2024-2025
6%
945 Arnaud Nordin RW 6 0 (0) 2024-2025
6%
719 Benedikt Pichler ST 18 1 (2) 2024-2025
6%
508 Cedric Teuchert ST 30 3 (1) 2020-2022
6%
843 Chang-hoon Kwon RW 11 0 (0) 2020-2021
6%
1007 Cole Campbell RW 4 0 (0) 2024-2025
6%
921 Daishawn Redan ST 7 0 (0) 2020-2021
6%
876 Damion Downs ST 10 2 (0) 2023-2024
6%
815 Daniel Ginczek ST 13 0 (0) 2020-2022
6%
1037 David Odogu CB 3 0 (0) 2024-2025
6%
877 Derry Scherhant LW 10 1 (0) 2022-2023
6%
1050 Diant Ramaj GK 2 0 (0) 2021-2023
6%
784 Dimitrios Limnios RW 14 0 (0) 2020-2021, 2022-2023
6%
944 Éder Balanta DM 6 0 (0) 2022-2023
6%
424 Faride Alidou LW 41 4 (1) 2022-2024
6%
924 Fraser Hornby ST 7 0 (0) 2023-2024
6%
1040 Frederik Sørensen CB 3 0 (0) 2020-2021
6%
870 George Bello LB 10 0 (0) 2021-2022
6%
1027 Hugo Siquet RB 3 0 (0) 2021-2023
6%
1104 Immanuel Pherai AM 1 0 (0) 2021-2022
6%
984 Jacek Goralski DM 4 0 (0) 2022-2023
6%
662 Jan Moravek CM 22 0 (0) 2020-2022
6%
1076 Jarzinho Malanga LW 1 0 (0) 2024-2025
6%
624 Jean Manuel Mbom RB 23 0 (1) 2020-2021, 2022-2023
6%
1019 Jens Grahl GK 3 0 (1) 2021-2022, 2023-2024
6%
840 Jere Uronen LB 11 0 (0) 2022-2023
6%
327 Joakim Nilsson CB 56 2 (0) 2020-2022
6%
958 Jóan Símun Edmundsson ST 5 1 (0) 2020-2021
6%
855 John Tolkin LB 11 0 (2) 2024-2025
6%
1078 Jonah Kusi-Asare ST 1 0 (0) 2024-2025
6%
982 Jovan Milosevic ST 5 0 (0) 2023-2024
6%
755 Juan José Perea ST 16 1 (0) 2022-2023
6%
905 Julian Niehues DM 8 0 (0) 2024-2025
6%
409 Kevin Möhwald CM 43 5 (1) 2020-2022
6%
519 Kevin Sessa CM 30 3 (0) 2023-2024
6%
888 Klaas-Jan Huntelaar ST 9 2 (1) 2020-2021
6%
878 Kosta Nedeljkovic RB 10 0 (0) 2024-2025
6%
969 Luca Jaquez CB 5 0 (0) 2024-2025
6%
886 Luca Pellegrini LB 9 0 (0) 2022-2023
6%
703 Marco Komenda CB 19 0 (0) 2024-2025
6%
1060 Marten Winkler LM 2 0 (0) 2020-2022
6%
687 Marvin Mehlem AM 20 3 (2) 2023-2024
6%
605 Matthias Bader RB 24 1 (2) 2023-2024
6%
551 Max Christiansen DM 27 0 (0) 2021-2022
6%
761 Michael Frey ST 15 0 (3) 2022-2023
6%
920 Michel Vlap AM 7 1 (1) 2020-2021
6%
976 Momo Cissé LW 5 0 (0) 2020-2021
6%
604 Morten Thorsby CM 24 1 (1) 2022-2023
6%
617 Nick Viergever CB 24 0 (0) 2021-2022
6%
882 Nicolai Rapp DM 9 0 (0) 2022-2024
6%
853 Nicolas Cozza LB 11 0 (0) 2022-2024
6%
707 Niklas Tauer DM 19 0 (0) 2020-2023
6%
1096 Nishan Burkart LW 1 0 (0) 2020-2021
6%
571 Norman Theuerkauf DM 26 0 (1) 2023-2025
6%
1065 Ørjan Nyland GK 2 0 (1) 2022-2023
6%
577 Oscar Vilhelmsson ST 26 4 (1) 2023-2024
6%
844 Pep Biel AM 11 0 (0) 2023-2024
6%
1020 Rabbi Matondo RW 3 0 (0) 2020-2021
6%
413 Roberto Massimo RW 42 2 (1) 2020-2021, 2023-2024
6%
850 Robert Tesche CM 11 0 (0) 2021-2022
6%
686 Saidy Janko RB 20 0 (0) 2022-2023
6%
767 Sam Lammers ST 15 1 (0) 2021-2022
6%
1082 Santiago Arias RB 1 0 (0) 2020-2021
6%
787 Sascha Burchert GK 14 0 (0) 2021-2022
6%
818 Shkodran Mustafi CB 13 1 (0) 2020-2021
6%
807 Siebe Van der Heyden CB 13 1 (0) 2024-2025
6%
806 Simon Asta RB 13 0 (0) 2021-2022
6%
726 Skelly Alvero DM 18 1 (0) 2023-2025
6%
1109 Solomon Bonnah RB 1 0 (0) 2021-2022
6%
1126 Stefanos Kapino GK 1 0 (0) 2021-2022
6%
448 Steven Skrzybski CF 37 6 (4) 2020-2021, 2024-2025
6%
904 Thomas Keller CB 8 0 (0) 2023-2025
6%
914 Tidiam Gomis LW 8 0 (1) 2024-2025
6%
659 Valentin Gendrey RB 22 1 (2) 2024-2025
6%
971 Yusuf Kabadayi LW 5 1 (0) 2024-2025
6%
915 Abdoulie Ceesay ST 7 0 (0) 2024-2025
3%
973 Aliou Baldé LW 5 0 (0) 2024-2025
3%
972 Amir Abrashi DM 5 0 (0) 2020-2021
3%
797 Andreas Albers ST 14 1 (0) 2024-2025
3%
734 Andrés Andrade CB 17 0 (0) 2021-2022
3%
911 Andu Kelati LW 8 1 (1) 2024-2025
3%
1013 Anwar El Ghazi RW 3 0 (1) 2023-2024
3%
1051 Ayman Azhil DM 2 0 (0) 2022-2023, 2024-2025
3%
589 Bartol Franjic LB 25 0 (2) 2022-2024
3%
986 Braydon Manu RW 4 0 (0) 2023-2024
3%
890 Brian Brobbey ST 9 0 (2) 2021-2022
3%
1071 Bruno Ogbus CB 2 0 (0) 2024-2025
3%
974 Burak İnce RW 5 0 (0) 2021-2022
3%
822 Cedric Itten ST 12 2 (0) 2021-2022
3%
1095 Christian Früchtl GK 1 0 (0) 2021-2022
3%
792 Clemens Riedel CB 14 0 (0) 2023-2024
3%
481 Daniel Didavi AM 33 4 (4) 2020-2022
3%
824 Daniel-Kofi Kyereh AM 12 2 (0) 2022-2023
3%
809 Danny Blum LW 13 2 (0) 2021-2022
3%
664 Denis Thomalla AM 22 0 (0) 2023-2025
3%
1053 Dennis Borkowski RW 2 0 (0) 2020-2021
3%
476 Eduard Löwen CM 33 2 (4) 2020-2022
3%
554 Emir Karic LB 27 0 (0) 2023-2024
3%
1115 Emrehan Gedikli ST 1 0 (0) 2020-2021
3%
908 Erencan Yardımcı ST 8 0 (0) 2024-2025
3%
381 Fabian Kunze DM 48 0 (0) 2020-2022
3%
892 Fábio Carvalho AM 9 0 (0) 2023-2024
3%
834 Florian Flick DM 12 1 (0) 2020-2021, 2022-2023
3%
647 Florian Pick RW 22 0 (1) 2023-2024
3%
1068 Frank Feller GK 2 0 (0) 2024-2025
3%
970 Frederik Winther CB 5 0 (1) 2021-2023
3%
940 Gustavo Puerta CM 7 0 (0) 2023-2024
3%
743 Hamadi Al-Ghaddioui ST 16 2 (2) 2020-2022
3%
1023 Hamza Mendyl LB 3 0 (0) 2020-2021
3%
1140 Hendry Blank CB 1 0 (0) 2023-2024
3%
713 Herbert Bockhorn RB 18 0 (0) 2021-2022
3%
757 Igor Matanovic ST 16 1 (0) 2024-2025
3%
1062 Ilaix Moriba CM 2 0 (0) 2021-2022
3%
804 Irvin Cardona ST 13 1 (1) 2022-2024
3%
1033 Isak Hansen-Aarøen AM 3 0 (0) 2023-2024
3%
894 Issa Kaboré RB 9 0 (1) 2024-2025
3%
714 Ivan Sunjic DM 18 0 (0) 2022-2023
3%
643 Jeremy Dudziak LB 22 2 (3) 2021-2022
3%
1030 Joscha Wosz AM 3 0 (0) 2020-2022
3%
841 Jürgen Locadia ST 11 2 (1) 2021-2022
3%
701 Justin Kluivert AM 19 3 (1) 2020-2021
3%
810 Kelvin Yeboah ST 13 1 (2) 2022-2023
3%
574 Lasse Rosenboom RB 26 2 (2) 2024-2025
3%
928 Leo Greiml CB 7 0 (0) 2022-2023
3%
1056 Leon Dajaku CF 2 0 (0) 2020-2021
3%
1100 Levent Mercan LB 1 0 (0) 2020-2021
3%
867 Lino Tempelmann CM 10 0 (0) 2020-2021
3%
1110 Lion Semic RB 1 0 (0) 2021-2022
3%
541 Louis Schaub RM 28 1 (2) 2021-2022
3%
1045 Luca Schuler ST 2 0 (0) 2020-2021
3%
1063 Luca Wollschläger ST 2 0 (0) 2021-2022
3%
463 Lukas Daschner AM 34 2 (2) 2023-2025
3%
505 Magnus Knudsen CM 31 0 (1) 2024-2025
3%
641 Marko Ivezic CB 23 0 (0) 2024-2025
3%
951 Marlon Mustapha ST 6 0 (0) 2022-2023
3%
735 Merveille Papela CM 17 0 (0) 2020-2021, 2023-2024
3%
1014 Michael Langer GK 3 0 (0) 2020-2021
3%
1059 Mohamed Sankoh ST 2 0 (0) 2020-2022
3%
717 Moritz-Broni Kwarteng CM 18 0 (1) 2023-2025
3%
912 Nacho Ferri ST 8 1 (0) 2023-2024
3%
1026 Nathanaël Mbuku LW 3 0 (0) 2022-2024
3%
454 Nathan de Medina CB 35 0 (1) 2020-2022
3%
666 Nikola Dovedan CF 21 3 (1) 2023-2024
3%
656 Noah Katterbach LB 22 0 (0) 2020-2022
3%
863 Noah Loosli CB 10 0 (0) 2023-2024
3%
669 Noah Sarenren Bazee RW 21 1 (1) 2020-2023
3%
903 Nunoo Sarpei DM 8 0 (0) 2021-2022
3%
1048 Ole Pohlmann AM 2 0 (0) 2023-2024
3%
1061 Oscar Fraulo CM 2 0 (0) 2022-2023
3%
576 Phil Harres ST 26 8 (1) 2024-2025
3%
813 Reinhold Yabo CM 13 1 (0) 2020-2021
3%
628 Ryan Sessegnon LB 23 2 (3) 2020-2021
3%
1083 Saulo Decarli CB 1 0 (0) 2021-2022
3%
852 Sava-Arangel Cestic CB 11 0 (0) 2020-2021
3%
342 Sebastian Griesbeck CB 54 1 (1) 2020-2022
3%
1130 Sidney Raebiger CM 1 0 (0) 2021-2022
3%
587 Silvere Ganvoula ST 25 0 (0) 2021-2023
3%
490 Sven Schipplock ST 32 1 (2) 2020-2021
3%
881 Thomas Dähne GK 9 0 (0) 2024-2025
3%
1002 Thomas Kastanaras ST 4 0 (0) 2022-2023
3%
724 Tim Breithaupt DM 18 0 (1) 2023-2025
3%
1029 Tim Civeja CM 3 0 (0) 2020-2021
3%
712 Tobias Mohr LM 18 0 (3) 2022-2023
3%
868 Tobias Raschl CM 10 0 (1) 2021-2022
3%
467 Tobias Strobl DM 34 0 (0) 2020-2022
3%
858 Tolga Ciğerci DM 11 0 (1) 2022-2023
3%
548 Vasilios Lampropoulos CB 28 0 (0) 2021-2023
3%
1112 Vasilios Pavlidis CB 1 0 (0) 2020-2021
3%
1034 Zidan Sertdemir CM 3 0 (0) 2021-2022
3%
741 Aaron Seydel ST 16 1 (0) 2023-2024
0%
1133 Aaron Zehnter LM 1 0 (0) 2022-2023
0%
906 Abdourahmane Barry CB 8 0 (0) 2021-2022
0%
1018 Adrian Fein CM 3 0 (0) 2021-2022
0%
902 Afimico Pululu ST 8 0 (0) 2021-2022
0%
939 Akaki Gogia LW 7 0 (2) 2020-2021
0%
1011 Alexander Brunst GK 3 0 (0) 2023-2024
0%
814 Alexis Tibidi LW 13 0 (0) 2021-2022
0%
1136 Alou Kuol ST 1 0 (0) 2022-2023
0%
654 Andi Zeqiri ST 22 2 (2) 2021-2022
0%
1150 Asaf Arania RB 1 0 (0) 2023-2024
0%
1042 Benjamin Uphoff GK 2 0 (0) 2021-2022
0%
1149 Bennit Bröger RW 1 0 (0) 2023-2024
0%
1036 Brian Behrendt CB 3 0 (0) 2020-2021
0%
862 Carl Johansson CB 10 0 (0) 2024-2025
0%
796 Cebio Soukou RW 14 1 (0) 2020-2021
0%
918 Chris Bedia ST 7 1 (0) 2023-2024
0%
622 Christian Gebauer RW 23 1 (1) 2020-2021
0%
1084 Christian Kühlwetter CM 1 0 (1) 2023-2024
0%
1058 Christopher Scott AM 2 0 (0) 2020-2021
0%
1081 Cimo Röcker CB 1 0 (0) 2021-2022
0%
996 Clinton Mola CB 4 0 (0) 2021-2023
0%
1124 Dario Gebuhr CB 1 0 (0) 2022-2023
0%
922 David Colina LB 7 1 (0) 2022-2023
0%
1044 David Mamutovic RW 2 0 (0) 2023-2024
0%
1074 David Mokwa ST 2 0 (0) 2024-2025
0%
975 David Preu LW 5 0 (0) 2024-2025
0%
752 Delano Burgzorg LW 16 1 (1) 2021-2023
0%
900 Dennis Jastrzembski LW 8 0 (0) 2021-2022
0%
613 Dickson Abiama ST 24 0 (1) 2021-2022
0%
1123 Dikeni Salifou CM 1 0 (0) 2022-2023
0%
811 Dominik Javorcek LB 13 0 (2) 2024-2025
0%
998 Eduardo Quaresma CB 4 0 (0) 2022-2023
0%
1113 Elias Bördner GK 1 0 (0) 2020-2021
0%
889 Emmanuel Dennis ST 9 0 (1) 2020-2021
0%
1122 Eniss Shabani CM 1 0 (0) 2022-2023
0%
966 Erik Ahlstrand CM 5 0 (0) 2024-2025
0%
1091 Fabian Rüdlin DM 1 0 (0) 2023-2024
0%
880 Fabian Schnellhardt CM 10 0 (0) 2023-2024
0%
879 Fabio Torsiello ST 10 0 (0) 2023-2024
0%
1080 Faik Sakar AM 1 0 (0) 2024-2025
0%
949 Filip Stojilkovic ST 6 0 (0) 2023-2024
0%
653 Filip Uremovic CB 22 0 (0) 2022-2023
0%
1116 Fin Stevens RB 1 0 (0) 2024-2025
0%
883 Florent Mollet AM 9 1 (0) 2022-2023
0%
555 Florian Krüger ST 27 1 (2) 2021-2022
0%
1141 Florian Micheler AM 1 0 (0) 2024-2025
0%
988 Frank Ronstadt RB 4 0 (0) 2023-2024
0%
887 Fredrik Bjørkan LB 9 0 (0) 2021-2022
0%
678 Henri Koudossou RB 21 0 (0) 2024-2025
0%
776 Hugo Novoa RB 15 2 (0) 2021-2023
0%
1135 Iker Bravo ST 1 0 (0) 2021-2022
0%
1055 Issah Abass LW 2 0 (0) 2020-2021
0%
1107 Ivan Nekic CB 1 0 (0) 2024-2025
0%
961 Ivan Prtajin ST 5 0 (0) 2024-2025
0%
570 Janni Serra ST 26 3 (2) 2021-2022
0%
1108 Jimmy Kaparos DM 1 0 (0) 2020-2021
0%
1139 Joel Imasuen ST 1 0 (0) 2023-2024
0%
1117 Jonas Dirkner CM 1 0 (0) 2020-2021
0%
1054 Jonas Michelbrink CM 2 0 (0) 2020-2021
0%
1075 Jonathan Norbye CB 1 0 (0) 2023-2024
0%
1087 Joshua Brenet RB 1 0 (0) 2020-2021
0%
1085 Joshua Mees LW 1 0 (0) 2020-2021
0%
1138 Joshua Quarshie CB 1 0 (0) 2022-2023
0%
1064 Julian Eitschberger RM 2 0 (0) 2021-2023
0%
672 Jurgen Ekkelenkamp CM 21 3 (0) 2021-2022
0%
1067 Justin Che RB 2 0 (0) 2021-2022
0%
1021 Justin Hoogma CB 3 0 (0) 2021-2022
0%
1077 Kacper Koscierski RB 1 0 (0) 2024-2025
0%
991 Keanan Bennetts LM 4 0 (0) 2021-2022
0%
947 Kilian Ludewig RB 6 0 (0) 2020-2021
0%
1106 Kimberly Ezekwem LB 1 0 (0) 2022-2023
0%
1069 Kofi Amoako DM 2 0 (0) 2023-2024
0%
932 Lazar Samardžić AM 7 0 (1) 2020-2021
0%
990 Lennart Czyborra LB 4 0 (0) 2021-2022
0%
1035 Leon Opitz AM 3 0 (0) 2023-2024
0%
642 Luca Kerber CM 23 2 (0) 2024-2025
0%
1098 Luca Mack DM 1 0 (0) 2020-2021
0%
1039 Luca Raimund RW 3 0 (0) 2023-2024
0%
1119 Lucas Copado RW 1 0 (0) 2021-2022
0%
1114 Luis Hartwig ST 1 0 (0) 2021-2022
0%
1125 Lukas Ambros AM 1 0 (0) 2022-2023
0%
1134 Mahmut Kücüksahin DM 1 0 (0) 2023-2024
0%
1120 Marcel Wenig CM 1 0 (0) 2022-2023
0%
1025 Marco Höger DM 3 0 (0) 2020-2021
0%
962 Marek Suchy CB 5 0 (0) 2020-2021
0%
896 Marius Funk GK 8 0 (0) 2021-2022
0%
1152 Marko Mladenovic AM 1 0 (0) 2023-2024
0%
1151 Matteo Pérez Vinlöf LB 1 0 (0) 2023-2024
0%
1090 Maurides ST 1 0 (0) 2024-2025
0%
708 Max Geschwill CB 19 1 (2) 2024-2025
0%
772 Maximilian Breunig ST 15 2 (0) 2023-2025
0%
891 Melayro Bogarde CB 9 0 (1) 2020-2021
0%
1118 Mikail Maden CM 1 0 (0) 2020-2021
0%
621 Mike van der Hoorn CB 23 0 (0) 2020-2022
0%
823 Nemanja Radonjić LW 12 1 (2) 2020-2021
0%
1093 Nick Proschwitz ST 1 0 (0) 2021-2022
0%
731 Nils Seufert CM 17 0 (1) 2020-2022
0%
1128 Noah Pesch LW 1 0 (0) 2024-2025
0%
999 Ömer Beyaz AM 4 0 (0) 2021-2022
0%
1143 Pascal Klemens DM 1 0 (0) 2022-2023
0%
781 Patrick Erras CB 14 1 (0) 2020-2021, 2024-2025
0%
1142 Paul Hennrich LW 1 0 (0) 2024-2025
0%
1089 Philipp Tschauner GK 1 0 (0) 2021-2022
0%
801 Robert Glatzel ST 13 2 (1) 2020-2021
0%
1144 Samuele Di Benedetto CM 1 0 (0) 2023-2024
0%
1028 Semir Telalovic ST 3 0 (0) 2022-2023
0%
963 Soichiro Kozuki ST 5 1 (0) 2022-2023
0%
942 Soma Novothny ST 6 1 (0) 2021-2022
0%
1097 Stephan Fürstner DM 1 0 (0) 2021-2022
0%
805 Tahith Chong AM 13 0 (1) 2020-2021
0%
1016 Tarsis Bonga RW 3 0 (0) 2021-2022
0%
826 Thomas Isherwood CB 12 0 (0) 2023-2024
0%
1101 Tim Maciejewski RW 1 0 (0) 2020-2021
0%
1146 Timothée Kolodziejczak CB 1 0 (0) 2022-2023
0%
875 Tolu Arokodare ST 10 0 (0) 2020-2021
0%
964 Tomas Ostrák AM 5 0 (1) 2021-2022
0%
1127 Tony Rölke AM 1 0 (0) 2022-2023
0%
1099 Torben Müsel AM 1 0 (0) 2021-2022
0%
1137 Veit Stange DM 1 0 (0) 2022-2023
0%
1079 Viggo Gebel AM 1 0 (0) 2024-2025
0%
954 Wahid Faghir ST 6 1 (0) 2021-2022
0%
No matching quizzes found
Score Distribution
Percent of People with Each Score
Percentile by Number Answered
Your Score History
You have not taken this quiz since the last reset